000 00534nam a2200217 454500
001 076577
003 BD-ChCU
008 Eng
020 _a0071164294
040 _aDLC
_cDLC
_dBD-ChCU
082 0 0 _a537/K91e
100 1 _aKraus, John Daniel.
_bFleisch, Daniel A.
245 1 0 _aElectromagnetics
_bWith applocations
250 _a5
260 _aBoston ; London
_bMcGraw-Hill
_c1999
300 _axix, 617
504 _a
650 0 _aElectrpmagnetif theory
_bElectrpmagnetif theory
700 1 _ax
942 _2ddc
_cBK
999 _c76577
_d76577